Football 2025 - Plus grosse valeurs marchandes - Statistiques

Statistiques générales
  • Ce quiz a été pris 548 fois
  • Le résultat moyen est 14 sur 25
Statistiques - réponses
Classement JOUEUR % Correct
5 Kylian Mbappé
99%
1 Erling Haaland
92%
2 Vinicius Junior
92%
3 Lamine Yamal
91%
4 Jude Bellingham
87%
15 Pedri
78%
16 Rodrygo
72%
7 Florian Wirtz
66%
18 Harry Kane
66%
6 Bukayo Saka
62%
9 Phil Foden
62%
8 Jamal Musiala
61%
22 Gavi
57%
12 Rodri
57%
10 Cole Palmer
52%
11 Federico Valverde
48%
17 Lautaro Martinez
44%
13 Declan Rice
43%
14 Martin Odegaard
38%
23 Eduardo Camavinga
37%
24 Julian Alvarez
37%
20 Luis Diaz
30%
21 Moises Caicedo
24%
19 Khvicha Kvaratskhelia
17%
25 Xavi Simons
12%
Aucun quiz correspondant
Distribution des résultats
% des personnes avec chaque résultat
Percentile par nombre de réponses
Votre historique - résultats
Vous n’avez pas pris ce quiz